000
00341 a2200157 4500
001
62080
020
_a
9788578480479
040
_c
Anchieta - Pituba
100
_a
Dinis, Beatriz Crespo
240
1
0
_a
As quatro linhas
_l
por
245
1
0
_a
As quatro linhas
300
_a
111
362
0
_a
2010
650
4
_a
Literatura juvenil
942
_c
BK
999
_c
62080
_d
62080